|
|
|
|
| LEADER |
00000nam a2200000Ii 4500 |
| 001 |
DIGDEU2034 |
| 003 |
NyNyDIG |
| 006 |
m o d |
| 007 |
cr ||||||||||| |
| 008 |
130501s2003 sp o 000 0 spa d |
| 020 |
|
|
|a 9788498308389
|q (eBook)
|
| 020 |
|
|
|z 9788474858983
|
| 020 |
|
|
|z 8474858984
|
| 035 |
|
|
|a (OCoLC)857077091
|
| 040 |
|
|
|a DGITA
|b eng
|e pn
|c DGITA
|
| 050 |
1 |
4 |
|a R725.56 eBook
|
| 245 |
0 |
0 |
|a Bioéticas para el siglo XXI :
|b "30 años de bioética", (1970-2000) : fundamentaciones, hermenéuticas, metodologías, contenidos .../
|c Juan Vélez (coord.) ... [et al.].
|
| 264 |
|
1 |
|a Bilbao :
|b Universidad de Deusto,
|c 2003.
|
| 300 |
|
|
|a 1 online resource (215 pages) :
|b ill.
|
| 336 |
|
|
|a text
|b txt
|2 rdacontent
|
| 337 |
|
|
|a computer
|b c
|2 rdamedia
|
| 338 |
|
|
|a online resource
|b cr
|2 rdacarrier
|
| 490 |
1 |
|
|a Serie Teología ;
|v 34.
|
| 500 |
|
|
|a "Deusto Digital" (front cover)
|
| 505 |
0 |
|
|a Prólogo -- Situación de la Bioética / Juan Vélez S.J. -- Fundamentaciones de la Bioética / Diego Gracia -- Las dimensiones valorativas de la Clonación humana / Carlos M.a Romeo -- Bioética y Tradición Católica / Javier Gafo S.J. -- Etica Cristiana y toma de decisiones en Bioética / Marciano Vidal -- Los cuidados paliativos: "Soporte emocional y espiritual" / José C. Bermejo -- Decisiones éticas en situaciones sanitarias conflictivas / María J. Goikoetxea -- Comités de ética hospitalaria: Objetivos, estructura y funcionamiento / Xabier Etxeberria -- La perspectiva interactiva en cuidados paliativos / Luis de Nicolás -- Presentación y resolución de casos relativos al SIDA /Lourdes Unzueta -- Presentación y resolución de casos en enfermos terminales / Daniel Solano
|
| 650 |
|
0 |
|a Bioethics
|x Religious aspects
|x Catholic Church.
|
| 655 |
|
0 |
|a Electronic books.
|
| 700 |
1 |
|
|a Vélez, Juan
|
| 791 |
2 |
|
|a Digitalia (Firm),
|e distributor.
|
| 830 |
|
0 |
|a Serie Teología ;
|v 34.
|
| 793 |
0 |
|
|g Digitalia eBook Collection:
|a Universidad de Deusto.
|
| 856 |
4 |
0 |
|3 Digitalia Hispánica
|u https://www.digitaliapublishing.com/a/18148/
|
| 910 |
|
|
|a Premium Collection: 2007-2012
|